Catálogo público

Niveles de pH de sal potásica de ácido indolbutírico en el enraizamiento de aguacate (Persea americana Mill)/ (Record no. 220625)

MARC details
000 -CABECERA
campo de control de longitud fija 03303nam a2200349 a 4500
003 - IDENTIFICADOR DEL NÚMERO DE CONTROL
campo de control OSt
005 - FECHA Y HORA DE LA ÚLTIMA TRANSACCIÓN
campo de control 20250617143306.0
007 - CAMPO FIJO DE DESCRIPCIÓN FÍSICA--INFORMACIÓN GENERAL
campo de control de longitud fija cr ||||||a|a|a
008 - DATOS DE LONGITUD FIJA--INFORMACIÓN GENERAL
campo de control de longitud fija 250616s2025 mx a|||fom||| 001 0 spa d
040 ## - FUENTE DE LA CATALOGACIÓN
Normas de descripción rda
100 1# - ENTRADA PRINCIPAL--NOMBRE DE PERSONA
Nombre de persona Hernandez Romero, Camelia
9 (RLIN) 190476
245 10 - MENCIÓN DE TÍTULO
Título Niveles de pH de sal potásica de ácido indolbutírico en el enraizamiento de aguacate (Persea americana Mill)/
Mención de responsabilidad, etc. por Camelia Hernández Romero; director de tesis Alejandro Facundo Barrientos Priego; secretario Claudia Reyes Quiroz; vocal Roberto Rivera del Río; suplente Carlos de Jesús Morales Becerril; suplente Mercedes Martínez Villagómez.
264 #1 - PRODUCCIÓN, PUBLICACIÓN, DISTRIBUCIÓN, FABRICACIÓN Y COPYRIGHT
Producción, publicación, distribución, fabricación y copyright Chapingo, México :
Nombre del de productor, editor, distribuidor, fabricante El autor,
Fecha de producción, publicación, distribución, fabricación o copyright 2024.
300 ## - DESCRIPCIÓN FÍSICA
Extensión 1 recurso en línea (51 páginas):
Otras características físicas cuadros, figuras.
336 ## - TIPO DE CONTENIDO
Fuente rdacontent
Término de tipo de contenido texto
Código de tipo de contenido txt
337 ## - TIPO DE MEDIO
Fuente rdamedia
Nombre/término del tipo de medio computadora
Código del tipo de medio c
338 ## - TIPO DE SOPORTE
Fuente rdacarrier
Nombre/término del tipo de soporte recurso en línea
Código del tipo de soporte cr
502 ## - NOTA DE TESIS
Tipo de título Ingeniero Agrónomo Especialista en Fitotecnia
Nombre de la institución que otorga el título Departamento de Enseñanza, Investigación y Servicio en Fitotecnia,
Año de obtención del título 2024.
Información miscelánea Licenciatura
504 ## - NOTA DE BIBLIOGRAFÍA, ETC.
Nota de bibliografía, etc. Incluye referencias bibliográficas: páginas 43-51.
520 ## - SUMARIO, ETC.
Sumario, etc. Para obtener portainjertos de aguacate (Persea americana Mill.) que se adapten a diversas condiciones edafoclimáticas y garanticen una buena producción de variedades comerciales, es necesario realizar clonación para preservar características deseables y asegurar una plantación homogénea con adecuada calidad de raíz y densidades más altas. La clonación se realiza generalmente mediante acodos, utilizando la técnica de etiolación de brotes, donde se induce el crecimiento de raíces adventicias mediante el lesionado cercano a la base y la aplicación de auxinas exógenas. Phytophthora cinnamomi es el patógeno responsable de la enfermedad más significativa en aguacates, por lo que se han buscado portainjertos resistentes o tolerantes como alternativa. El portainjerto Duke 7 ha mostrado tolerancia a este patógeno y fue seleccionado para esta investigación. El objetivo de este estudio fue evaluar el efecto de tres niveles de pH (4, 7 y 10) de auxinas en el enraizamiento de acodos de aguacate. Se evaluaron las siguientes variables: porcentaje de enraizamiento, número de raíces, longitud de raíces, longitud de acodo e índice de calidad de raíces. No se encontraron diferencias significativas en el porcentaje de enraizamiento entre los tratamientos. Sin embargo, el número de raíces y el índice de calidad de raíces fueron superiores en el tratamiento con pH 7. Las longitudes de raíces y acodos fueron similares en todos los niveles de pH. Por lo tanto, el pH de las auxinas influyó en la formación y desarrollo de raíces adventicias en acodos del portainjerto Duke 7.
650 #4 - PUNTO DE ACCESO ADICIONAL DE MATERIA--TÉRMINO DE MATERIA
Término de materia o nombre geográfico como elemento de entrada Potasio
Subdivisión general Efecto en aguacate
9 (RLIN) 91085
650 #4 - PUNTO DE ACCESO ADICIONAL DE MATERIA--TÉRMINO DE MATERIA
Término de materia o nombre geográfico como elemento de entrada Aguacate
Subdivisión general Resistencia a enfermedades
9 (RLIN) 190682
650 #4 - PUNTO DE ACCESO ADICIONAL DE MATERIA--TÉRMINO DE MATERIA
Término de materia o nombre geográfico como elemento de entrada Aguacate
Subdivisión general Mejoramiento
9 (RLIN) 2533
650 #4 - PUNTO DE ACCESO ADICIONAL DE MATERIA--TÉRMINO DE MATERIA
Término de materia o nombre geográfico como elemento de entrada Aguacate
Subdivisión general Rendimiento
9 (RLIN) 2553
700 1# - PUNTO DE ACCESO ADICIONAL--NOMBRE DE PERSONA
Nombre de persona Barrientos Pliego, Alejandro Facundo
Término indicativo de función/relación director de tesis
9 (RLIN) 190669
700 1# - PUNTO DE ACCESO ADICIONAL--NOMBRE DE PERSONA
Nombre de persona Reyes Quiroz, Claudia
9 (RLIN) 132439
Término indicativo de función/relación secretario.
700 0# - PUNTO DE ACCESO ADICIONAL--NOMBRE DE PERSONA
Nombre de persona Rivera del Río, Roberto
9 (RLIN) 97628
Término indicativo de función/relación vocal.
700 1# - PUNTO DE ACCESO ADICIONAL--NOMBRE DE PERSONA
Nombre de persona Morales Becerril, Carlos de Jesús
9 (RLIN) 137052
Término indicativo de función/relación suplente.
700 1# - PUNTO DE ACCESO ADICIONAL--NOMBRE DE PERSONA
Nombre de persona Martínez Villagómez, Mercedes
Término indicativo de función/relación suplente.
9 (RLIN) 127511
856 ## - LOCALIZACIÓN Y ACCESO ELECTRÓNICOS
Identificador Uniforme del Recurso http://10.13.5.2/tesis/tl/1611133-1_HERNANDEZ_ROMERO_CAMELIA.pdf
Nota pública DESCARGAR PDF
942 ## - ELEMENTOS DE PUNTO DE ACCESO ADICIONAL (KOHA)
Fuente del sistema de clasificación o colocación Clasificación Universidad Autónoma Chapingo
Tipo de ítem Koha Tesis digital
Holdings
Estado de retiro Estado de pérdida Fuente del sistema de clasificación o colocación Estado dañado Restricciones de uso No para préstamo Código de colección Localización permanente Ubicación/localización actual Ubicación en estantería Fecha de adquisición Total de préstamos Signatura topográfica completa Fecha visto por última vez Precio válido a partir de Tipo de ítem Koha
    Clasificación Universidad Autónoma de Chapingo   Préstamo interno   Tesis digitales de Licenciatura Biblioteca Digital Biblioteca Digital En línea 16/06/2025   Tesis digital 16/06/2025 16/06/2025 Tesis digital